| 000 | 00625nam a2200217 a 4500 | ||
|---|---|---|---|
| 008 | |||
| 020 | _a0435455567 (pbk.) | ||
| 049 | _aMAIN | ||
| 090 | _aHF5718 SUT | ||
| 100 | 1 | _aSutherland, Jon | |
| 245 | 1 | 0 |
_aBusiness Communication for Secretarial certificates / _cJon Sutherland and Diane Canwell |
| 260 |
_aOxford : _bHeineman, _c1997. |
||
| 300 |
_av, 170 p. : _bill. ; _c27 cm. |
||
| 500 | _aIncludes index. | ||
| 650 | 1 | _aCommunication. | |
| 907 |
_a.b10227180 _b26-01-07 _c26-01-07 |
||
| 003 | |||
| 005 | 20230123134342.0 | ||
| 040 | _cNUST | ||
| 942 |
_cBOOKS _kHF5718 SUT |
||
| 999 |
_c164416 _d164416 |
||